banner-ar

الحركة العمرانية فى قرطبة و ضواحيها: (Record no. 61543)

MARC details
000 -الفاتح
حقل البيانات ثابتة الطول 01243nam a22002897a 4500
005 - وقت وتاريخ اخر تعامل مع التسجيلة
رقم الضبط 20240530110505.0
008 - عناصر البيانات ثابتة الطول - معلومات عامة
حقل البيانات ثابتة الطول 150801s2013 jo g b 000 0 ara d
017 ## - رقم الايداع القانونى
رقم الايداع القانونى 2011/11/4224
المصدر ( الهيئة المختصة) الاردن . رائرة المكتبة الوطنية
020 ## - الرقم الدولى المعيارى للكتب
الرقم الدولى المعيارى للكتاب 9789957244163
040 ## - مصدر الفهرسة
وكالة الفهرسة الأصلية EG-CaGPL
082 04 - رقم تصنيف ديوى العشرى
رقم الطبعة 21
رقم التصنيف 723.5\
رقم المادة هـ ح
100 0# - المدخل الرئيسى - إسم شخصى
الإسم الشخصى هلز عنتر ولى المزورى .
245 12 - بيان العنوان
العنوان الحركة العمرانية فى قرطبة و ضواحيها:
بقية العنوان خلال القرن الرابع الهجرى العاشر الميلادى /
بيان المسئوليه,etc هلز عنتر ولى المزورى .
250 ## - بيان الطبعة
بيان الطبعة ط1
260 ## - PUBLICATION, DISTRIBUTION, ETC. (IMPRINT)
تاريخ النشر أو التوزيع 2013 .
300 ## - الوصف المادى
التعداد 255ص؛
أبعاد الوعاء 24سم
504 ## - تبصرة ببليوجرافية
تبصرة ببليوجرافية,الخ ببليوجرافية ص 233 - 255
650 04 - المدخل الاضافى بالموضوع-مصطلح موضوعى
مصطلح موضوعي العمارة الاسلامية فى الاندلس .
650 04 - المدخل الاضافى بالموضوع-مصطلح موضوعى
مصطلح موضوعي المساجد
التقسيم الفرعي الجغرافي قرطبة .
650 04 - المدخل الاضافى بالموضوع-مصطلح موضوعى
مصطلح موضوعي القصور
التقسيم الفرعي الجغرافي قرطبة .
650 04 - المدخل الاضافى بالموضوع-مصطلح موضوعى
مصطلح موضوعي المقابر
التقسيم الفرعي الجغرافي قرطبة .
650 04 - المدخل الاضافى بالموضوع-مصطلح موضوعى
مصطلح موضوعي الاثار الاسلامية فى الاندلس .
650 04 - المدخل الاضافى بالموضوع-مصطلح موضوعى
مصطلح موضوعي الحصون و القلاع
التقسيم الفرعي العام عمارة
التقسيم الفرعي الجغرافي قرطبة .
650 04 - المدخل الاضافى بالموضوع-مصطلح موضوعى
مصطلح موضوعي الاسواق
التقسيم الفرعي العام عمارة
التقسيم الفرعي الجغرافي قرطبة .
942 ## - عناصر المدخل الإضافي( كوها)
مصدر التصنيف او مخطط الترفيف Dewey Decimal Classification
Koha [default] item type كتاب
260 ## - PUBLICATION, DISTRIBUTION, ETC. (IMPRINT)
-- عمان :
-- دار صفاء للنشر والتوزيع ،
Holdings
حالة التراجع حالة الفقد حالة تلف ليس للاعارة المكان المؤقت الموقع الحالى تاريخ الاكتساب اجمالي اﻻعارات رقم الطلب الباركود تاريخ اخر مشاهدة تاريخ تفعيل السعر نوع وعاء كوها
        مكتبة القاهرة الكبرى مكتبة القاهرة الكبرى 10/07/2015   723.5\ هـ ح 160866 10/07/2015 10/07/2015 كتاب

Powered By

EGPV